Modern Africa: politics, history and society (Record no. 38492)

MARC details
000 -LEADER
fixed length control field 00499nam a2200169Ia 4500
022 ## - INTERNATIONAL STANDARD SERIAL NUMBER
ISSN 23363274
050 ## - CALL MARK
Classification number DT 29 .M63/
245 #0 - TITLE STATEMENT
Title Modern Africa: politics, history and society
260 ## - PUBLICATION, DISTRIBUTION, ETC. (IMPRINT)
Place of publication Czech Republic
260 ## - PUBLICATION, DISTRIBUTION, ETC. (IMPRINT)
Name of publisher Philososphical faculty, university of Hradec kralove.
260 ## - PUBLICATION, DISTRIBUTION, ETC. (IMPRINT)
Year of publication 2015
300 ## - PHYSICAL DESCRIPTION
Number of Pages 164 p. :ill. ; 20 cm.
650 ## - SUBJECT ADDED ENTRY--TOPICAL TERM
Topical Term Africa--History--1884-1960. Africa--History--1960-
942 ## - ADDED ENTRY ELEMENTS (KOHA)
Koha item type Serials

No items available.